• 首页
  • 本馆介绍
  • 公告通知
  • 最新文献
  • 馆藏检索
  • 电子资源
  • 读者荐购
  • 参考咨询
  • CALIS
  • 我的图书馆
  • 登录
  • 详细信息显示
  • 放入我的书架
  • 预约/预借图书
  • 作者相关作品
  • 分类相关作品
  • 丛书相关作品
  • 出版社相关作品

书目信息

  • 表格格式
  • 工作单格式
  • 卡片格式
题名:
额尔古纳河右岸
    
 
作者: 迟子建 著
分册:  
出版信息: 北京   人民文学出版社  2010.10
页数: 266页
开本: 22cm
丛书名: 茅盾文学奖获奖作品全集
单 册:
中图分类: I247.57
科图分类:
主题词: 长篇小说--中国--当代
电子资源:
ISBN: 978-7-02-013959-0
 
 
 
 
 
000 00730oam2 2200253 450
001 2353951352
005 20231211084552.95
010    @a978-7-02-013959-0@dCNY32.00
090    @aI247.57@bczj
096    @aI247.57@bczj
100    @a20190611d2010 em y0chiy50 ea
101 0  @achi
102    @aCN@b110000
105    @ay z 000ay
200 1  @a额尔古纳河右岸 @f迟子建著 @9e er gu na he you an
210    @a北京@c人民文学出版社@d2010.10@h2019印
215    @a266页@d22cm
225 2  @a茅盾文学奖获奖作品全集
300    @a茅盾文学奖第7届获奖作品
606 0  @a长篇小说@y中国@z当代
690    @aI247.57@v5
701  0 @a迟子建@f(1964~)@4著@9chi zi jian
801  0 @aCN@b河南城建学院图书馆@c20190611
905    @dI247.57@eC8121
    
    额尔古纳河右岸 /迟子建著 .-北京:人民文学出版社,2010.10(2019印)
    266页;22cm.-(茅盾文学奖获奖作品全集)
    茅盾文学奖第7届获奖作品
    
    ISBN 978-7-02-013959-0:CNY32.00
    
●
相关链接 在E读中查询图书 在当当中查询图书 在豆瓣中查询图书


正题名:额尔古纳河右岸     索取号:I247.57/C8121         预约/预借

序号 登录号 条形码 馆藏地/架位号 状态 备注
1 1504169   215041693   外国语学院资料室/ [索取号:I247.57/C8121] 在馆    
2 1508411   215084110   外国语学院资料室/ [索取号:I247.57/C8121] 在馆    
河南城建学院图书馆 欢迎您!
大连网信软件有限公司© 版权所有